000 00705nam a2200229Ia 4500
003 GCL
008 140319s9999 xx 000 0 ara d
040 _aGCL /
_cGCL
082 0 4 _a330.962
_bم ت
100 1 _aمحمود عبدالفضيل
245 1 0 _aتأملات فى المساله الاقتصادية المصرية /
_cمحمود عبدالفضيل
260 _a[S.N] :
_bدار المستقبل العربى ،
_c1983
300 _a175
490 _a
650 0 4 _aالعصر الحديث
650 0 4 _aمصر
650 0 4 _aتاريخ
650 0 4 _aالمقالات
650 0 4 _aالاحوال الاقتصادية
650 0 4 _aالعمال المهاجرون
942 _2ddc
_cBK
999 _c34960
_d34960